000 00277nam a22000857a 4500
999 _c514983
_d514983
100 _aRaghavan,Chakravarthi
_920016
245 _aRecolonization
_bGATT, the Urugway round and the third world
_cby Chakravarthi,Raghvan
260 _aMalaysia
_bThird World Network
_c1991
300 _a319p.